00522 a2200181 4500010001400000020002300014035001300037037001600050082001000066100001800076245004900094250001400143260004500157270004800202300003800250650002600288700002600314 aENG-89189 a8120334434c450.00 aEN-72722 bDBAD / PUB00a658.31 aDessler, Gary10aHuman resource management /cby Gary Dessler a11th ed. aNew DelhibPrentice Hall of Indiac2008 aM-97, Connaught CircusbNew Delhie110 001 axxvii, 801p. :bill.c27 cm (pbk) 0aPersonnel management.1 aDessler, Gary,d1942-